000 01400nab a22002177a 4500
999 _c5425
_d5425
003 OSt
005 20250407131508.0
008 190506c xxu||||| |||| 00| 0 spa d
040 _cPJ
100 _95209
_aMagnano, Marina G.
245 1 3 _aNominalismo frente a la depreciación constante de la moneda :
_buna mirada desde el derecho laboral /
_cMarina G. Magnano, Fernando D. Ramallo.
260 _aBuenos Aires :
_bAbeledoPerrot,
_c2025.
300 _ap 35-41
500 _aTR LALEY AR/DOC/82/2025.
505 _aSumario: I. Introducción.— II. Principio nominalista. ¿Sigue vigente? ¿Se puede sostener la vigencia de un nominalismo absoluto?— III. Consecuencias del principio nominalista. Corte Suprema de Justicia. Suprema Corte de Buenos Aires. Tribunal Superior de Córdoba.— IV. Análisis de las distintas propuestas de solución.— V. Corte Suprema de Justicia de la Nación. Límites.— VI. Reglamentación del Banco Central.— VII. Ley de Riesgos del Trabajo. Particular caso del DNU 669/2018 y las res. SSN 1039/2019 y 332.— VIII. Conclusión.
505 _t¿Te interesa el texto completo? Comunicate al correo: koha@justierradelfuego.gov.ar
650 0 _91316
_aDERECHO LABORAL
700 _96444
_aRamallo, Fernando D.
773 0 _02751
_93202
_dBuenos Aires : AbeledoPerrot, 2013-
_tRevista de derecho laboral y seguridad social. Nº 3 - Febrero 2025
942 _2udc
_cANA